Slovenské jaskyne

Bibliographic Details
Main Author: Jakál, Jozef, 1936-2025 (Author)
Format: Article
Language:Slovak
Subjects:

MARC

LEADER 00000nab a2200000 a 4500
001 vtls000222008
003 SK-MaSNL
005 20260305002050.0
008 111202c1985 xo 0 slo
015 |a SNBRA19rr/mm-uuuuu 
035 |a CL0232122 
040 |a SNKBUCL  |b slo  |c SNKBUCL  |e AACR2 
041 0 |a slo 
044 |a xo  |c SK 
080 |a 551.44(437.6)  |2 1981 
100 1 |a Jakál, Jozef,  |d 1936-2025  |4 aut  |9 104902 
245 1 0 |a Slovenské jaskyne  |c Jozef Jakál 
650 0 7 |a jaskyne  |2 snkbucl  |9 20772 
655 7 |a články zo zborníkov  |2 snkbucl  |9 166140 
773 0 |t Slovakistické štúdie, 1985 
850 |a Slovenská národná knižnica v Martine  |a MTA001 
852 |a SNK  |b KIS3GCP 
958 |a RK 
992 |a RZB 
999 |c 3223602  |d 3225532